Procesamiento de señales no intrusivas para el monitoreo de condición de emisiones y análisis energético en un motor de combustión interna diésel /

Guardat en:
Dades bibliogràfiques
Autor principal: Quintero Riaza, Héctor Fabio (autor.)
Format: eBook
Idioma:espanyol
Publicat: Pereira : Editorial Universidad Tecnológica de Pereira, 2025.
Col·lecció:Colección Trabajos de investigación.
Matèries:
Accés en línia:https://elibro.unach.elogim.com/es/lc/unach/titulos/286863
Etiquetes: Afegir etiqueta
Sense etiquetes, Sigues el primer a etiquetar aquest registre!

MARC

LEADER 00000nam a2200000 i 4500
001 ELB286863
003 FINmELB
005 20250822125953.0
006 m o u
007 cr cn|||||||||
008 250822s2025 ck ob 000 0 spa d
020 |a 9789587225372  |q (e-book) 
035 |a (OCoLC)1538592805 
040 |a FINmELB  |b spa  |e rda  |c FINmELB 
050 1 4 |a KF27  |b P963 2025 
080 |a 621.436.1 
082 0 4 |a 629.2506  |2 23 
100 1 |a Quintero Riaza, Héctor Fabio,  |e autor. 
245 1 0 |a Procesamiento de señales no intrusivas para el monitoreo de condición de emisiones y análisis energético en un motor de combustión interna diésel /  |c Héctor Fabio Quintero Riaza [y otros 6]. 
264 1 |a Pereira :  |b Editorial Universidad Tecnológica de Pereira,  |c 2025. 
300 |a 1 recurso en línea (136 páginas) 
336 |a texto  |b txt  |2 rdamedia/spa 
337 |a computadora  |b c  |2 rdamedia/spa 
338 |a recurso en línea  |b cr  |2 rdacarrier/spa 
490 1 |a Colección Trabajos de investigación 
504 |a Contiene bibliografía. 
588 |a Descripción basada en metadatos suministrados por el editor y otras fuentes. 
590 |a Recurso electrónico. Santa Fe, Arg.: elibro, 2025. Disponible vía World Wide Web. El acceso puede estar limitado para las bibliotecas afiliadas a elibro. 
650 4 |a Motores diésel  |x Emisiones de gases. 
650 4 |a Motores diesel  |x Combustión  |x Mediciones. 
650 4 |a Gases de combustión  |x Mediciones. 
655 4 |a Libros electrónicos. 
700 1 |a Quintero Riaza, Héctor Fabio,  |e autor. 
797 2 |a elibro, Corp. 
830 0 |a Colección Trabajos de investigación. 
856 4 0 |u https://elibro.unach.elogim.com/es/lc/unach/titulos/286863